000 00541nam a2200193Ia 4500
005 20250508154533.0
008 008 250505s9999 xx 000 0 hin d
037 _aTextBook
040 _aFEDL
_beng
_cFEDL
041 _ahin
_2eng
084 _a301.155, BAS
_qFEDL
100 _aBass Bernard M.
245 0 _aLeadership, psychology, and rganizatinal behavior
260 _aNew York, USA
_bHarper and Row
_c1960
300 _axiii,548p.
650 _aSociology
942 _cTB
_h301.155, BAS
999 _c1350805
_d1350805